500 plates & chargers : innovative expressions of function & style

Plates and chargers can serve as more than just places to put your food: they can be glorious art to show off on a table, sideboard or dresser. This title features 500 pieces that range from the utilitarian yet beautifully glazed plate to dramatically decorated work and they're crafted from a v...

Full description

Bibliographic Details
Main Author: Tourtillott, Suzanne J. E. (Author)
Format: Book
Language:English
Published: New York : Lark Books , c2008
Series:Lark ceramics book
Subjects:
Online Access:Publisher description

MARC

LEADER 00000cam a2200000 7i4500
001 0000072607
005 20110801093000.0
008 110508s2008 nyu eng
020 |a 1579906885 (PB-trade pbk. : alk. paper) 
020 |a 9781579906887 (PB-trade pbk. : alk. paper) 
050 0 0 |a NK4695.P55   |b F58 2008 
090 0 0 |a NK4695.P55   |b F58 2008 
245 0 0 |a 500 plates & chargers :   |b innovative expressions of function & style   |c [development editor, Suzanne J.E. Tourtillott] 
246 3 0 |a 500 plates and chargers   |b innovative expressions of function and style 
246 3 0 |a Five hundred plates and chargers 
260 |a New York :   |b Lark Books ,   |c c2008 
300 |a 420 p. :   |b col. ill. ;   |c 21 cm. 
490 0 |a Lark ceramics book 
500 |a Includes index 
505 0 |a 1. Introduction -- 2. The plates & charges -- 3. About the juror -- 4. Acknowledgments -- 5. Contributing artists 
520 |a Plates and chargers can serve as more than just places to put your food: they can be glorious art to show off on a table, sideboard or dresser. This title features 500 pieces that range from the utilitarian yet beautifully glazed plate to dramatically decorated work and they're crafted from a variety of materials - including pristine porcelain 
650 0 |a Plates (Tableware)   |z United States   |x Catalogs 
650 0 |a Pottery, American   |y 21st century   |x Catalogs 
700 1 |a Tourtillott, Suzanne J. E. ,   |e author 
856 4 2 |3 Publisher description   |u http://www.loc.gov/catdir/enhancements/fy0807/2007050678-d.html 
999 |a 1000139318   |b Book   |c OPEN SHELF (30 DAYS)   |e Gong Badak Campus